| 000 | 01027cam a2200253 i 4500 | ||
|---|---|---|---|
| 003 | SA-RiAUC | ||
| 005 | 20250417070815.0 | ||
| 008 | 250112q19801989ii g 000 0 ara c | ||
| 040 |
_aSA-JeALM _bara _cSA-RiAUC _erda |
||
| 082 | 0 | 4 | _a231 |
| 090 |
_a231 _b ن د و |
||
| 100 | 1 |
_aالندوي، ابو الحسن علي الحسني، _d1913-1999 _eمؤلف. |
|
| 245 | 1 | 0 |
_aدور الحديث في تكوين المناخ الإسلامي وصيانته / _cأبو الحسن علي الحسني الندوي. |
| 264 | 1 |
_aلكهنؤ، الهند : _bالمجمع الإسلامي العلمي، _c1981 |
|
| 300 |
_a46 صفحة. _c22 سم. |
||
| 336 |
_aنص _btxt _2rdacontent _3كتاب |
||
| 337 |
_aبدون وسيط _bn _2rdamedia |
||
| 338 |
_aمجلد _bnc _2rdacarrier |
||
| 440 | 0 |
_aمطبوعات المجلس الإسلامي العلمي _v148 |
|
| 650 | 7 |
_aالحديث _xمباحث عامة _2aucsh |
|
| 650 | 7 |
_aعلم الحديث _2aucsh |
|
| 942 |
_2ddc _cBOOK _n0 |
||
| 949 |
_aSA-JeALM _d250112 _uosman123 _n1 |
||
| 999 |
_c7115 _d7115 |
||